000
00244nam a2200097Ia 4500
001
682884
005
20250826161427.0
008
250824s9999 xx 000 0 und d
245
0
_a
VATAN YAHUT İNTERNET
_c
MUSTAFA KUTLU
260
_b
DERGAH YAYINLARI
999
_c
682884
_d
682884